Villes d'Europe par monuments - Statistiques

Statistiques générales
  • Ce quiz a été pris 133 fois
  • Le résultat moyen est 9 sur 16
Statistiques - réponses
Par images Réponse % Correct
athenes
97%
londres
97%
rome
97%
moscou
93%
barcelone
89%
istanbul
75%
milan
66%
budapest
65%
lisbonne
54%
marseille
53%
copenhague
34%
st petersbourg
34%
grenade
28%
belgrade
22%
cracovie
20%
francfort
15%
Aucun quiz correspondant
Distribution des résultats
% des personnes avec chaque résultat
Percentile par nombre de réponses
Votre historique - résultats
Vous n’avez pas pris ce quiz